| 000 | 00000cam 2200000zi 4500 |
| 001 | 9.962706 |
| 003 | CaOODSP |
| 005 | 20260511131608 |
| 006 | m o d f |
| 007 | cr cn||||||||| |
| 008 | 260511e202605##onca ob f000 0 fre d |
| 040 | |aCaOODSP|bfre|erda|cCaOODSP |
| 043 | |an-cn--- |
| 045 | |ay1y2 |
| 086 | 1 |aYC36-0/451-9F-PDF |
| 100 | 1 |aManchanda, Amipal, |eauteur. |
| 245 | 10|aDépenses du Sénat : |bcomparaison des dépenses et analyse des tendances : version finale / |cAmipal Manchanda, CPA, CA, dirigeant principal de l'audit. |
| 264 | 1|a[Ottawa] : |bSénat, Canada = Senate, Canada, |cmai 2026. |
| 300 | |a1 ressource en ligne (25 pages) : |eillustrations en couleur. |
| 336 | |atexte|btxt|2rdacontent/fre |
| 337 | |ainformatique|bc|2rdamedia/fre |
| 338 | |aressource en ligne|bcr|2rdacarrier/fre |
| 490 | 1 |a[Rapport du Comité permanent de l'audit et de la surveillance] ; |v[9e rapport, 45e législature, 1re session] |
| 500 | |aPublié aussi en anglais sous le titre : Senate expenditure comparison and trending analysis: final. |
| 500 | |a« Présentation au comité AOVS. » |
| 504 | |aComprend des références bibliographiques. |
| 610 | 16|aCanada. |bParliament. |bSénat|xAudit. |
| 610 | 16|aCanada. |bParliament. |bSénat|xCrédits budgétaires et dépenses. |
| 710 | 1 |aCanada. |bParlement. |bSénat. |bComité permanent de l'audit et de la surveillance, |eorganisme de publication. |
| 775 | 08|tSenate expenditure comparison and trending analysis : |w(CaOODSP)9.962705 |
| 830 | #0|aRapport du Comité permanent de l'audit et de la surveillance ;|v9e rapport, 45e législature, 1re session.|w(CaOODSP)9.911984 |
| 856 | 40|qPDF|s2.31 Mo|uhttps://publications.gc.ca/collections/collection_2026/sen/yc36-0/YC36-0-451-9-fra.pdf |